000 00966nam1a22002291i 4500
001 rc\2905443
005 20240723201056.0
035 _a(NLR Aleph) 007056502
090 _a6242857
_c6242857
100 _a20110803g19401949|||y0rusy50 ca
101 0 _arus
102 _aRU
105 _ay z |||||
200 1 _aАтлас руководящих форм ископаемых фаун СССР
_eТ. I-
_fПод ред. А. Вологдина
_gВсесоюз. науч.-исслед. ин-т "Всегеи"
210 _aМосква
_aЛенинград
_cГосгеолиздат
_d1940-1949
_eЛьвов
215 _d26 см
702 1 _aВологдин
_bА.Г.
_gАлександр Григорьевич
_4340
712 0 2 _aВсесоюзный научно-исследовательский геологический институт
_cЛенинград
_4570
801 0 _aRU
_bNLR
_gpsbo
801 1 _aRU
_bELAR
_2rusmarc
852 _aNLR
_j39-19/79(1)
942 _cBOOK